Introduction to theology / (Record no. 8594)

MARC details
000 -LEADER
fixed length control field 00787cam a2200289ui 4500
001 - CONTROL NUMBER
control field 547602
003 - CONTROL NUMBER IDENTIFIER
control field OSt
005 - DATE AND TIME OF LATEST TRANSACTION
control field 20191105152035.0
008 - FIXED-LENGTH DATA ELEMENTS--GENERAL INFORMATION
fixed length control field 020815s2000 ii a 001 0 eng d
020 ## - INTERNATIONAL STANDARD BOOK NUMBER
International Standard Book Number 8172144768
035 ## - SYSTEM CONTROL NUMBER
System control number (OCoLC)ocn936548615
035 ## - SYSTEM CONTROL NUMBER
System control number 547602
040 ## - CATALOGING SOURCE
Original cataloging agency PTS
Language of cataloging eng
Description conventions rda
Transcribing agency PTS
090 ## - LOCALLY ASSIGNED LC-TYPE CALL NUMBER (OCLC); LOCAL CALL NUMBER (RLIN)
Classification number (OCLC) (R) ; Classification number, CALL (RLIN) (NR) BT77
Local cutter number (OCLC) ; Book number/undivided call number, CALL (RLIN) .T455 2000
100 1# - MAIN ENTRY--PERSONAL NAME
Personal name Thomas, Owen C.,
Dates associated with a name 1922-
245 10 - TITLE STATEMENT
Title Introduction to theology /
Statement of responsibility, etc. Owen C. Thomas.
264 #1 - PRODUCTION, PUBLICATION, DISTRIBUTION, MANUFACTURE, AND COPYRIGHT NOTICE
Place of production, publication, distribution, manufacture Delhi :
Name of producer, publisher, distributor, manufacturer ISPCK,
Date of production, publication, distribution, manufacture, or copyright notice 2000.
300 ## - PHYSICAL DESCRIPTION
Extent 304 pages ;
Dimensions 22 cm
336 ## - CONTENT TYPE
Content type term text
Content type code txt
Source rdacontent
337 ## - MEDIA TYPE
Media type term unmediated
Media type code n
Source rdamedia
338 ## - CARRIER TYPE
Carrier type term volume
Carrier type code nc
Source rdacarrier
500 ## - GENERAL NOTE
General note Includes index.
504 ## - BIBLIOGRAPHY, ETC. NOTE
Bibliography, etc. note Bibliography: pages [293]-298.
650 #0 - SUBJECT ADDED ENTRY--TOPICAL TERM
Topical term or geographic name entry element Theology, Doctrinal.
942 ## - ADDED ENTRY ELEMENTS (KOHA)
Source of classification or shelving scheme Dewey Decimal Classification
Koha item type Books
945 ## - LOCAL PROCESSING INFORMATION (OCLC)
a MARCIVE20181205

No items available.


OPAC Designed and Maintained by HMC Library Team.
Copyright © HMC Library,Greater Noida, UP.
For any Suggestions/Query Contact library via Email:libhmc@gmail.com